LEADER 01036nam a2200253 i 4500 001 000000191855 003 CaOOAMICUS 005 20101027000000.0 008 101027s2007 it u000 u ita u 013 $a170427 020 $a88-7221-351-7 040 $aSeMil$bita 100 1 $aAddante, Pietro.$0(OLS)http://semarc/name/70005 245 12$aI Fioretti di San Francesco di Paola /$cPietro Addante. 260 $aReggio Calabria :$bLaruffa,$c2007. 300 $a303 p. :$bill. ;$c21 cm. 500 $aIn testa al front. : Consiglio regionale della Calabria. 600 04$aFrancesco : da Paola .$0(OLS)http://semarc/subject/1931 850 $aSeMil 852 $aSeMil$W1$xVenegono$y1$m3H III 37$j142463$B142463$CSeMilBibl$Z2$F154040 $81 961 $aOmaggio: Magnoni don Walter 996 $6020$a88-7221-351-7$9(OLS)http://semarc/number/183005 996 $6245$aI Fioretti di San Francesco di Paola$9(OLS)http://semarc/title/276406 996 $6260$aReggio Calabria :$bLaruffa$9(OLS)http://semarc/publisher/32873 LEADER 01185nam a2200217 i 4500 001 000000066302 003 CaOOAMICUS 005 20150318000000.0 008 150318s1998 it u000 u ita u 013 $a37474 040 $aSeMil$bita 100 1 $aDuilio, Lino,$d<1951- >.$0(OLS)http://semarc/name/30903 245 12$aA partire dalla libertà :$btra rischi di omologazione e prospettive di sviluppo, quale possibile contributo del Popolarismo e del PPI per il futuro della democrazia italiana /$c[Lino Duilio]. 260 $aRoccafranca (Bs) :$bLa Compagnia della Stampa,$ccopyr. 1998. 300 $a95 p. :$bill. ;$c20 cm. 650 4$aPartito Popolare Italiano <1919-1926>.$0(OLS)http://semarc/subject/3865 850 $aSeMil 852 $aSeMil$W1$xVenegono$y1$m3N II 355$j32455$B32455$CSeMilBibl$Z2$F32458 $81 961 $aOmaggio: Ampollini Maurizio 996 $6245$aA partire dalla libertà :$btra rischi di omologazione e prospettive di sviluppo, quale possibile contributo del Popolarismo e del PPI per il futuro della democrazia italiana$9(OLS)http://semarc/title/105427 996 $6260$aRoccafranca (Bs) :$bLa Compagnia della Stampa$9(OLS)http://semarc/publisher/42238